000 00669nam a2200229 i 4500
003 DO-SdBNP
005 20230905140524.0
007 ta
008 110407s1981 dr o r 000 0 spa d
040 _aDO-SdBNP
_bspa
_cBNPHU
_erda
082 _axxxx
_bL697a, 1981
_222
245 0 0 _aLibro del año 1981 :
_bBabeque /
264 1 _aSanto Domingo :
_bTaller,
_c1981.
300 _a98 páginas
_bfotografías
_c27 cm.
336 _2rdacontent
_atexto
_btxt
337 _2rdamedia
_asin mediación
_bn
338 _2rdacarrier
_avolumen
_bnc
590 _aInventariado, 2023/ YL
710 2 _aBabeque (Republica Dominicana)
_955170
910 _aYLockward
942 _2ddc
_cLBS1
999 _c54622
_d54622